Rebelión en la granja /

Guardado en:
Autor Principal: Orwell, George.
Otros Autores: Blair, Eric Arthur.
Formato: Libro
Idioma:Undetermined
Publicado: Buenos Aires : Centro Editor de Cultura, 2017.
Materias:
Etiquetas: Agregar Etiqueta
Sin Etiquetas, Sea el primero en etiquetar este registro!
LEADER 01343nam a22002775a 4500
001 CEM.cems018750
008 210512s2017####ag############000#0#und#d
005 20210716103944.0
003 CEMS
245 1 0 |a Rebelión en la granja /  |c Orwell, George [seudónimo]. 
260 |a Buenos Aires :  |b Centro Editor de Cultura,  |c 2017. 
300 |a 115 p. 
505 0 |a "Rebelión en la granja" es un relato de invención con alguna similitud con las fábulas: los animales hablan. No sólo hablan, también asumen las funciones que en una granja cumplen los hombres. El Viejo Mayor, un cerdo premiado, asume el control y el manejo de la granja. "Todos los animales son carnadas","todos los hombres son enemigos","eliminad al hombre y el producto de nuestro trabajo será propio" 
100 1 |a Orwell, George. 
700 1 |a Blair, Eric Arthur. 
082 0 4 |a 823.9 
650 7 |a Literatura 
650 7 |a Literatura inglesa 
650 7 |a Literatura juvenil 
650 7 |a Novela 
650 7 |a Novela inglesa 
859 |a CEMS  |b BIB. CEMS - 11 de abril  |h 823.9  |i Or9-5  |p 29077.20  |t 1 
859 |a CEMS  |b BIB. CEMS - 11 de abril  |h 823.9  |i Or9-5  |p 29078.20  |t 2 
859 |a CEMS  |b BIB. CEMS - 11 de abril  |h 823.9  |i Or9-5  |p 29079.20  |t 3 
859 |a CEMS  |b BIB. CEMS - 11 de abril  |h 823.9  |i Or9-5  |p 29080.20  |t 4 
859 |a CEMS  |b BIB. CEMS - 11 de abril  |h 823.9  |i Or9-5  |p 29081.20  |t 5